Eastern Utah Libraries Catalog: Duchesne, Heber, Roosevelt, & Vernal

The splendid and the vile : (Record no. 253129)

MARC details
000 -LEADER
fixed length control field 03816pam a2200409 i 4500
001 - CONTROL NUMBER
control field BK0025524367
003 - CONTROL NUMBER IDENTIFIER
control field DLC
005 - DATE AND TIME OF LATEST TRANSACTION
control field 20200304153758.0
008 - FIXED-LENGTH DATA ELEMENTS--GENERAL INFORMATION
fixed length control field 191011s2020 nyua b 001 0beng
010 ## - LIBRARY OF CONGRESS CONTROL NUMBER
LC control number 2019045028
020 ## - INTERNATIONAL STANDARD BOOK NUMBER
International Standard Book Number 9780385348713 : HRD
Terms of availability 32.00
020 ## - INTERNATIONAL STANDARD BOOK NUMBER
International Standard Book Number 0385348711 : HRD
Terms of availability 32.00
Qualifying information (hardcover)
Cancelled/invalid ISBN 9780385348720
Qualifying information (ebook)
037 ## - SOURCE OF ACQUISITION
Source of stock number/acquisition Random House Inc, Attn Order Entry 400 Hahn rd, Westminster, MD, USA, 21157
Note SAN 201-3975
040 ## - CATALOGING SOURCE
Original cataloging agency DLC
Language of cataloging eng
Description conventions rda
Transcribing agency DLC
Modifying agency GCmBT
050 00 - LIBRARY OF CONGRESS CALL NUMBER
Classification number DA566.9.C5
Item number L326 2020
082 00 - DEWEY DECIMAL CLASSIFICATION NUMBER
Classification number 940.54/2121
082 00 - DEWEY DECIMAL CLASSIFICATION NUMBER
Classification number B
Edition number 23
092 ## - LOCALLY ASSIGNED DEWEY CALL NUMBER (OCLC)
Classification number 940.5421
100 1# - MAIN ENTRY--PERSONAL NAME
Personal name Larson, Erik,
Dates associated with a name 1954-
Relator term author.
9 (RLIN) 5689885
245 14 - TITLE STATEMENT
Title The splendid and the vile :
Remainder of title a saga of Churchill, family, and defiance during the blitz /
Statement of responsibility, etc Erik Larson.
250 ## - EDITION STATEMENT
Edition statement First edition.
264 #1 - Production, Publication, Distribution, Manufacture, and Copyright Notice.
Place of production, publication, distribution, manufacture New York :
Name of producer, publisher, distributor, manufacturer Crown,
Date of production, publication, distribution, manufacture, or copyr [2020]
300 ## - PHYSICAL DESCRIPTION
Extent xii, 585 pages :
Other physical details illustrations ;
Dimensions 25 cm
336 ## - Content Type
Content type term text
337 ## - Media type
Media type term unmediated
338 ## - Carrier type
Carrier type term volume
504 ## - BIBLIOGRAPHY, ETC. NOTE
Bibliography, etc Includes bibliographical references (pages 547-554) and index.
505 0# - FORMATTED CONTENTS NOTE
Formatted contents note Bleak Expectations -- The Rising Threat -- A Certain Eventuality -- Dread -- Blood and Dust -- The Americans -- Love Amid the Flames -- One Year to the Day -- Epilogue: As Time Went By.
520 ## - SUMMARY, ETC.
Summary, etc "The #1 New York Times bestselling author of The Devil in the White City and Dead Wake delivers a fresh and compelling portrait of Winston Churchill and London during the Blitz On Winston Churchill's first day as prime minister, Hitler invaded Holland andBelgium. Poland and Czechoslovakia had already fallen, and the Dunkirk evacuation was just two weeks away. For the next twelve months, Hitler would wage a relentless bombing campaign, killing 45,000 Britons. It was up to Churchill to hold the country together and persuade President Franklin Roosevelt that Britain was a worthy ally-and willing to fight to the end. In The Splendid and the Vile, Erik Larson shows, in cinematic detail, how Churchill taught the British people "the art of being fearless." It is a story of political brinkmanship, but it's also an intimate domestic drama set against the backdrop of Churchill's prime-ministerial country home, Chequers; his wartime retreat, Ditchley, where he and his entourage go when the moon is brightest and thebombing threat is highest; and of course 10 Downing Street in London. Drawing on diaries, original archival documents, and once-secret intelligence reports-some released only recently-Larson provides a new lens on London's darkest year through the day-to-day experience of Churchill and his family: his wife, Clementine; their youngest daughter, Mary, who chafes against her parents' wartime protectiveness; their son, Randolph, and his beautiful, unhappy wife, Pamela; Pamela's illicit lover, a dashing American emissary; and the cadre of close advisers who comprised Churchill's "Secret Circle," including his lovestruck private secretary, John Colville; newspaper baron Lord Beaverbrook; and the Rasputin-like Frederick Lindemann. The Splendid and the Vile takes readers out of today's political dysfunction and back to a time of true leadership, when-in the face of unrelenting horror-Churchill's eloquence, courage, and perseverance bound a country, and a family, together."--
-- Provided by publisher.
600 10 - SUBJECT ADDED ENTRY--PERSONAL NAME
Personal name Churchill, Winston,
Dates associated with a name 1874-1965.
9 (RLIN) 5709471
650 #0 - SUBJECT ADDED ENTRY--TOPICAL TERM
Topical term or geographic name as entry element Prime ministers
Geographic subdivision Great Britain
Form subdivision Biography.
9 (RLIN) 5692781
650 #0 - SUBJECT ADDED ENTRY--TOPICAL TERM
Topical term or geographic name as entry element World War, 1939-1945
Geographic subdivision Great Britain.
9 (RLIN) 5814360
650 #0 - SUBJECT ADDED ENTRY--TOPICAL TERM
Topical term or geographic name as entry element World War, 1939-1945
General subdivision Campaigns
Geographic subdivision Great Britain.
9 (RLIN) 5814361
650 #0 - SUBJECT ADDED ENTRY--TOPICAL TERM
Topical term or geographic name as entry element World War, 1939-1945
General subdivision Social aspects
Geographic subdivision Great Britain.
9 (RLIN) 5814362
776 08 - ADDITIONAL PHYSICAL FORM ENTRY
Display text Online version:
776 08 - ADDITIONAL PHYSICAL FORM ENTRY
Main entry heading Larson, Erik.
Title Splendid and the vile
Place, publisher, and date of publication New York : Crown, [2020]
International Standard Book Number 9780385348720
Record control number (DLC) 2019045029
Holdings
Withdrawn status Lost status Source of classification or shelving scheme Damaged status Not for loan Collection code Home library Current library Shelving location Date acquired Source of acquisition Total Checkouts Total Renewals Full call number Barcode Date last seen Date checked out Price effective from Koha item type
    Dewey Decimal Classification     General NonFiction Wasatch County Library Wasatch County Library Second Floor 01/19/2022 Amazon 10 12 Biography Churchill 34301001889916 06/24/2024 06/18/2024 01/19/2022 BOOK
This project was made possible through a grant from the Institute of Museum and Library Service administered by the Utah State Library Division.

Wasatch County Library

  • 465 East 1200 South, Heber City, Utah 84032
  • Phone 435-654-1511 | Fax 435-654-6456

Hours

  • Monday - Friday 9:30 AM - 8:00 PM
  • Saturday 9:30 AM - 1:30 PM
  • Closed Sundays and Holidays